000 00694nam a2200217 i 4500
001 114563
003 ES-MaACL
005 20250727033928.0
007 t|
008 070309q1931 sp |||| | spa d
100 1 _aQuisling, Vidkun.
_994804
245 1 0 _aPolítica de Oriente y Occidente /
_cVidkun Quisling ; [traducción de Audhild Sanne de Martínez Ibor].
260 _aMadrid :
_bNorma,
_c[1931?]
300 _a231 p., 1 lám ;
_c20 cm.
650 7 _aComunismo
_2embne
_911211
651 4 _aURSS-
_xSituación económica.
_99489
651 4 _aURSS-
_xHistoria.
_99469
700 1 _aMartínez Ibor, Audhild Sanne de.
_978158
852 _aES-MaACL
_jA-4023
999 _c114563
_d114563